[Event "IECC O-2528"]
[Site "IECC email"]
[Date "2007.02.27"]
[Round "?"]
[White "Feeney, Andrew"]
[Black "Larson, John"]
[Result "0-1"]
[WhiteElo "1050"]
[BlackElo "1048"]
[PlyCount "68"]
[EventDate "2007.??.??"]
[EventType "swiss (corr)"]
[EventRounds "2"]
[SourceTitle "Corr 2008"]
[Source "ChessBase"]
[SourceDate "2008.06.24"]
[SourceVersion "1"]
[SourceVersionDate "2008.06.24"]
[SourceQuality "1"]
[WhiteTeam "Australia"]
[BlackTeam "US of America"]
[WhiteTeamCountry "AUS"]
[BlackTeamCountry "USA"]

1. e4 e5 2. Nc3 Nf6 3. Nf3 Nc6 4. Bb5 Bb4 5. 0-0 0-0 6. d3 d6 7. Bg5 Bxc3 8. bxc3 Qe7 9. Nh4 h6 10. Nf5 Bxf5 11. exf5 hxg5 12. Bxc6 bxc6 13. Qe1 Qd7 14. h3 Qxf5 15. g4 Qf3 16. Kh2 Nd5 17. Rg1 Nf4 18. Qf1 Ne2 19. Rg2 Nxc3 20. Rg3 Qe2 21. Qg2 f5 22. Re3 Qxc2 23. Qf1 Nd5 24. Rf3 fxg4 25. Rc1 Qxa2 26. Rxc6 Rxf3 27. Rc1 Rxf2+ 28. Kg3 Rxf1 29. Rxf1 Ne3 30. Rf2 Qb1 31. hxg4 Qg1+ 32. Kf3 Rf8+ 33. Kxe3 Qxf2+ 34. Ke4 Qd4# 0-1